Marketing Plan (Record no. 88346)

MARC details
000 -LEADER
fixed length control field 00508nam a2200193Ia 4500
008 - FIXED-LENGTH DATA ELEMENTS--GENERAL INFORMATION
fixed length control field 230125s9999 xx 000 0 und d
020 ## - INTERNATIONAL STANDARD BOOK NUMBER
International Standard Book Number 81-7554-092-3
041 ## - LANGUAGE CODE
Language code of text/sound track or separate title eng
082 ## - DEWEY DECIMAL CLASSIFICATION NUMBER
Classification number 658.8
Item number WES
100 ## - MAIN ENTRY--PERSONAL NAME
Personal name Westwood J
9 (RLIN) 106645
245 ## - TITLE STATEMENT
Title Marketing Plan
260 ## - PUBLICATION, DISTRIBUTION, ETC. (IMPRINT)
Date of publication, distribution, etc. 1999
Name of publisher, distributor, etc. Kogan Page
Place of publication, distribution, etc. New Delhi
300 ## - PHYSICAL DESCRIPTION
Extent 224p
440 ## - SERIES STATEMENT/ADDED ENTRY--TITLE
Title Professional paperbacks
500 ## - GENERAL NOTE
Keywords Series Book;Professional Paperback Series Book
650 ## - SUBJECT ADDED ENTRY--TOPICAL TERM
Topical term or geographic name as entry element Management
700 ## - ADDED ENTRY--PERSONAL NAME
Personal name Westwood J
9 (RLIN) 106645
Holdings
Withdrawn status Lost status Damaged status Not for loan Home library Current library Date acquired Vendor Cost, normal purchase price Total Checkouts Full call number Barcode Date last seen Cost, replacement price Bill Date Koha item type Original Barcode
        Smt. Hiraben Nanavati Institute of Management & Research for Women Smt. Hiraben Nanavati Institute of Management & Research for Women 19/03/1999 Varma Book Distributor 175.00   658.8 WES B01518 HIMR-BK-1518 25/01/2023 175.00 19/03/1999 Books B01518